00856nam a2200181 a 450000100100000000500170001000800410002704000250006811000570009324500500015024600510020026000510025130000190030295201200032195201050044195201110054699900170065700004595220201002052537.0150603s2014 dr 000 0 spa d aDO-SdBNPbspacBNPHU2 aRepública DominicanabCámara de Diputados93223810a11 de Enero día nacional de la educación.13aOnce de enero día nacional de la educación aSanto Domingo :bCámara de Diputados,c2014. a3 p. ;c21 cm. 001054708DSaGRbGRcHDd2015-06-03iLF1l0o p45952-30r2020-06-25te. 3w2020-06-25yLFDSZPréstamo en sala 0010718PDaPDbPDcHDd2015-06-03iLF1l0o p45952-10r2020-06-25w2020-06-25yLFPDZNo se presta 0010718PDaPDbPDcHDd2015-06-03iLF1l0o p45952-20r2020-06-25te. 2w2020-06-25yLFPDZNo se presta c45441d45441